LEADER 00921nam a22002651i 4500 001 991000400079707536 005 20031220120612.0 008 040204s1984 it |||||||||||||||||ita 035 $ab1261029x-39ule_inst 035 $aARCHE-061749$9ExL 040 $aDip. SSC$bita$cA.t.i. Arché s.c.r.l. Pandora Sicilia s.r.l. 082 04$a401 100 1 $aSlobin, Dan Isaac$0168434 245 10$aPsicolinguistica /$cDan I. Slobin 260 $aFirenze :$bLa nuova Italia,$c1984 300 $aVI, 232 p. ;$c21 cm 440 0$aProblemi di psicologia ;$v48 650 4$aLinguaggio$xPsicologia 765 0 $tPsycholinguistics 907 $a.b1261029x$b02-04-14$c12-02-04 912 $a991000400079707536 945 $aLE021 DI3B10$g1$iLE021-7316$lle021$o-$pE0.00$q-$rl$s- $t0$u0$v0$w0$x0$y.i13092261$z12-02-04 996 $aPsicolinguistica$9278324 997 $aUNISALENTO 998 $ale021$b12-02-04$cm$da $e-$fita$git $h0$i1 LEADER 02149nas 2200469 n 450 001 990008906320403321 005 20240229084301.0 011 $a0175-7598 035 $a000890632 035 $aFED01000890632 035 $a(Aleph)000890632FED01 035 $a000890632 091 $2CNR$aP 00023737 100 $a20161109a19849999km-y0itaa50------ba 101 0 $aeng 102 $aDE 110 $aauu-------- 200 1 $aApplied microbiology and biotechnology 207 1$a1984- 210 $aBerlin$cSpringer 430 0$1001000895913$12001$aEuropean journal of applied microbiology and biotechnology 452 0$12001$aApplied microbiology and biotechnology 530 0 $aApplied microbiology and biotechnology 675 $a579.6 675 $a663 675 $a577.213 675 $a573.6 : 66 675 $a579.66 675 $a577.1:62 801 0$aIT$bACNP$c20090723 859 4 $uhttp://acnp.cib.unibo.it/cgi-ser/start/it/cnr/dc-p1.tcl?catno=14874&person=false&language=ITALIANO&libr=&libr_th=unina1$zBiblioteche che possiedono il periodico 901 $aSE 912 $a990008906320403321 958 $aBiblioteca Centralizzata. Facoltà di Agraria dell'Università Federico II di Napoli$b1998-2008;$c2008;$fFAGBC 958 $aBiblioteca. Dipartimento Scienza degli Alimenti. Sez. Microbiologia Agraria. Università Federico II di Napoli (Palazzo Mascabruno)$b1984-$fDAGMI 959 $aFAGBC 959 $aDAGMI 996 $aApplied microbiology and biotechnology$9800446 997 $aUNINA AP1 8 $6866-01$aNA087 Biblioteca Centralizzata. Facoltà di Agraria dell'Università Federico II di Napoli$ev. Università, 100 Palazzo Reale, 80055 Portici (NA)$m081-2539322$m081-7760229$nit AP1 8 $6866-02$aNA138 Biblioteca. Dipartimento Scienza degli Alimenti. Sez. Microbiologia Agraria. Università Federico II di Napoli (Palazzo Mascabruno)$ev. Università,100, Portici (NA)$m08125.39322$nit AP2 40$aacnp.cib.unibo.it$nACNP Italian Union Catalogue of Serials$uhttp://acnp.cib.unibo.it/cgi-ser/start/it/cnr/df-p.tcl?catno=14874&language=ITALIANO&libr=&person=&B=1&libr_th=unina&proposto=NO